000 01878nam0a2200373 4500
001 RU\NLR\bibl\1139788
005 20260406000054.0
010 _a978-5-7695-4070-7
_92000
021 _aRU
_b2007-59782
_93194
035 _a(NLR Aleph) 001126652
090 _a1331789
_c1331789
100 _a20071012d2007 |||y0rusy50 ca
101 0 _arus
102 _aRU
105 _aa |||||||||
200 1 _aПедагогика
_eтеории, системы, технологии
_eучебник для студентов высших и средних учебных заведений
_f[И.Б. Котова, Е.Н. Шиянов, С.А. Смирнов и др.]
_gпод ред. С.А. Смирнова
205 _a7-е изд., стер.
210 _aМосква
_cАкадемия
_d2007
215 _a509, [1] с.
_cил.
_d22
225 1 _aВысшее профессиональное образование
_iПедагогические специальности
225 1 _aУчебник
320 _aБиблиогр. в конце гл.
606 1 _aПедагогика
_jУчебники для высших учебных заведений
_9921924
_3RU\NLR\auth\6619222
686 _aЧ31я73
701 1 _4070
_8rus
_7ca
_aКотова
_bИ. Б.
_f1939-
_gИзабелла Борисовна
_3RU\NLR\auth\77109644
_992569
701 1 _aШиянов
_bЕ. Н.
_gЕвгений Николаевич
_4070
701 1 _4070
_8rus
_7ca
_aСмирнов
_bС. А.
_cканд. пед. наук
_gСергей Александрович
_3RU\NLR\auth\7743321
_926264
702 1 _4340
_8rus
_7ca
_aСмирнов
_bС. А.
_cканд. пед. наук
_gСергей Александрович
_3RU\NLR\auth\7743321
_926264
801 0 _aRU
_bNLR
_c20071012
_gRCR
801 1 _aRU
_bNLR
_c20071012
830 _aавт. по кн.
942 _cBOOK
980 _aNB